000 00357 a2200157 4500
001 59854
020 _a9783800052622
040 _cAnchieta - Pituba
100 _aHohlbein, Wolfgang
240 1 0 _aMärchenmonds kinder
_lpor
245 1 0 _aMärchenmonds kinder
300 _a528
362 0 _a2006
650 4 _aLiteratura juvenil em alemão
942 _cBK
999 _c59854
_d59854